| 000 | 00562nam a2200121Ia 4500 | ||
|---|---|---|---|
| 008 | 160712s9999 xx 000 0 und d | ||
| 100 | _a Matias, Ambrocio Melvin A. | ||
| 245 |
_cAmbrocio Melvin A. Matias, _aOptimizing the Utility of Allium cepa L. var. aggregatum (sibuyas Tagalog) for the Allium Test by Elucidating its Mitotic Periodicity and Rhythmicity Under Varying Light Conditions |
||
| 260 |
_c2011 _bScience Diliman |
||
| 300 | _avol. 23 no. 1 | ||
| 650 | _xSCIENCE | ||
| 856 | _uhttp://journals.upd.edu.ph/index.php/sciencediliman/issue/view/289/showToc | ||
| 999 |
_c297645 _d297645 |
||